Teoretické a praktické aspekty poplatku za komunálne odpady a drobné stavebné odpady
Podľa úvodného ustanovenia poplatok za odpady sa platí za komunálne odpady a drobné stavebné odpady okrem elektroodpadov, ktoré vznikajú na území obce. Pojem komunálny odpad a drobný stavebný odpad vymedzuje zákon č. 223/2001 Z. z. o odpadoch v znení neskorších predpisov.
Guardado en:
| Autor principal: | |
|---|---|
| Formato: | Capítulo de libro |
| Lenguaje: | eslovaco |
| Materias: | |
| Etiquetas: |
Sin Etiquetas, Sea el primero en etiquetar este registro!
|
MARC
| LEADER | 00000nla a2200000 4500 | ||
|---|---|---|---|
| 001 | 0173531 | ||
| 005 | 20240502072945.7 | ||
| 041 | 0 | |a slo | |
| 044 | |a SK | ||
| 245 | 1 | 0 | |a Teoretické a praktické aspekty poplatku za komunálne odpady a drobné stavebné odpady |c Zuzana Neupauerová |
| 520 | |a Podľa úvodného ustanovenia poplatok za odpady sa platí za komunálne odpady a drobné stavebné odpady okrem elektroodpadov, ktoré vznikajú na území obce. Pojem komunálny odpad a drobný stavebný odpad vymedzuje zákon č. 223/2001 Z. z. o odpadoch v znení neskorších predpisov. | ||
| 610 | 2 | 0 | |a odpad komunálny |
| 610 | 2 | 0 | |a likvidácia odpadu |
| 610 | 2 | 0 | |a obce |
| 610 | 2 | 0 | |a mestá |
| 610 | 2 | 0 | |a poplatky |
| 610 | 2 | 0 | |a skládky odpadu |
| 610 | 2 | 0 | |a hygiena miest |
| 610 | 2 | 0 | |a zákony |
| 100 | 1 | |a Neupauerová, Zuzana | |